Island - Richtig oder Falsch? - Statistiken

Allgemein
  • Dieses Quiz wurde 101 mal gespielt
  • Das Durchschnittsergebnis liegt bei 12 aus 15
Antwortstatistiken
Frage Antwort % Korrekt
Island ist ein autonomes Territorium, das Dänemark gehört. Falsch
98%
ABBA stammt aus Island. Falsch
97%
Auf Island gibt es aktive Vulkane. Richtig
97%
Es ist möglich, in Island Nordlichter zu sehen. Richtig
95%
Fast 100% der in Island produzierten Elektrizität kommt aus erneuerbaren Quellen. Richtig
95%
Island wird zu den Nordischen Ländern gezählt. Richtig
93%
Island hat NULL einheimische Schlangenarten. Richtig
89%
Island hat gar keine Gletscher. Falsch
85%
Große Teile von Island sind mit Wäldern bedeckt. Falsch
76%
Island benutzt den Euro. Falsch
71%
Islands Nationalsport ist Eishockey. Falsch
71%
Island erlaubt es, Wale zu jagen. Richtig
70%
Island war zuerst von Inuit bewohnt. Falsch
66%
Island hat von allen europäischen Ländern die niedrigste Durchschnittstemperatur. Falsch
54%
Island hat das älteste Parlament der Welt. Richtig
47%
Keine übereinstimmenden Quizze gefunden
Verteilung der Resultate
Anzahl Personen mit jedem Resultat
Perzentil nach korrekt beantworteten Fragen
Ihre Resultats-Entwicklung
Sie haben dieses Quiz noch nicht gespielt